000 00766nam a22002297a 4500
999 _c13438
_d13438
003 AR-CdUCM
008 190415b ||||| |||| 00| 0 spa d
020 _a978-9972-59-540-0
040 _aMUNICIPALIDAD PROVINCIAL DEL CUSCO
_cBIBLIOTECA MUNICIPAL DEL CUSCO
082 _aEP /808.06 /
_bV74
100 _aVírhuez, Ricardo
_931859
245 _aLa pasión de alcatraz /
260 _aLima :
_bCorporación gráfica Navarretee S.A.,
_c2013.
300 _a47 paginas ;
_c20 cm.
440 _aMisterios sin resolver.
_nExpediente n° 4.
_931860
505 _aContenido :La prisión de alcatraz.
650 _aHistorias reales
_929099
650 _aEnigmas
_920383
700 _aAyala, Gabriel y Mateo.
_931779
942 _2ddc
_cLIBROS
945 _arum
_d2019-04-15